INFORME FINAL DEL EJERCICIO PROFESIONAL SUPERVISADO REALIZADO EN FINCAS PROPIEDAD DE LOS GANADEROS ASOCIADOS DEL MUNICIPIO DE CHISEC, ALTA VERAPAZ (Registro nro. 2325)

Detalles MARC
000 -LEADER
campo de control de longitud fija 03007nam a22003257a 4500
001 - NÚMERO DE CONTROL
campo de control TZ 0049
003 - IDENTIFICADOR DE NÚMERO DE CONTROL
campo de control gtcocun
005 - FECHA Y HORA DE LA ÚLTIMA TRANSACCIÓN
campo de control 20251013204410.0
006 - CÓDIGOS DE INFORMACIÓN DE LONGITUD FIJA--CARACTERÍSTICAS DEL MATERIAL ADICIONAL
campo de control de longitud fija a||||gr|||| 00| 0
007 - CAMPO FIJO DE DESCRIPCIÓN FÍSICA--INFORMACIÓN GENERAL
campo de control de longitud fija ta
008 - DATOS DE LONGITUD FIJA--INFORMACIÓN GENERAL
campo de control de longitud fija 251013b2014 gt ||||| m||| 00| 0 eng d
040 ## - FUENTE DE CATALOGACIÓN
Centro catalogador/agencia de origen gtcocun
Lengua de catalogación SPA
Centro/agencia transcriptor gtcocun
Normas de descripción RDA
041 ## - CÓDIGO DE IDIOMA
Código de lengua del texto/banda sonora o título independiente SPA TZ 0049
084 ## - OTRO NÚMERO DE CLASIFICACIÓN
Número de control del registro de autoridad o número normalizado TZ 0049
100 ## - ENTRADA PRINCIPAL--NOMBRE DE PERSONA
Nombre de persona Barrientos Reneau, Elvira Adelina
Término indicativo de función/relación Autor
245 ## - MENCIÓN DEL TÍTULO
Título INFORME FINAL DEL EJERCICIO PROFESIONAL SUPERVISADO REALIZADO EN FINCAS PROPIEDAD DE LOS GANADEROS ASOCIADOS DEL MUNICIPIO DE CHISEC, ALTA VERAPAZ
Mención de responsabilidad, etc. Elvira Adelina Barrientos Reneau.
Medio Impreso
264 ## - PRODUCCIÓN, PUBLICACIÓN, DISTRIBUCIÓN, FABRICACIÓN Y COPYRIGHT
Producción, publicación, distribución, fabricación y copyright Cobán, Alta Verapaz:
Nombre del de productor, editor, distribuidor, fabricante Universidad de San Carlos de Guatemala, Centro Universitario del Norte, Zootecnia
Fecha de producción, publicación, distribución, fabricación o copyright 2014
300 ## - DESCRIPCIÓN FÍSICA
Extensión 47 p.:
Otras características físicas Ilustraciones, gráficas.
Dimensiones 28 cm;
336 ## - TIPO DE CONTENIDO
Fuente rdacontenido
Término de tipo de contenido Texto
Código de tipo de contenido txt
337 ## - TIPO DE MEDIO
Fuente rdamedio
Nombre/término del tipo de medio Computadora
Código del tipo de medio n
338 ## - TIPO DE SOPORTE
Fuente rdasoporte
Nombre/término del tipo de soporte Código en línea
Código del tipo de soporte cr
502 ## - NOTA DE TESIS
identificador de la tesis TZ 0049
502 ## - NOTA DE TESIS
Nota de tesis Tesis de grado
Tipo de título Zootecnia,
Nombre de la institución que otorga el título Universidad de San Carlos de Guatemala, Centro Universitario del Norte, Zootecnia
Año de obtención del título 2014
Identificador de la tesis TZ 0049
520 14 - RESUMEN, ETC.
Sumario, etc. El objeto de este estudio fue conocer la presencia del Virus Herpes Bovino<br/>1 (VHB-1), agente causal de la Rinotraqueítis Infecciosa Bovina (IBR), por sus siglas en inglés, en bovinos de carne de las comunidades: El Paraíso, Yalchactí,<br/>Caquiquiché, Carolina y La Promesa, del municipio de Chisec, del Departamento<br/>de Alta Verapaz. Con esta finalidad se recolectaron 91 muestras de sueros<br/>bovinos procedentes de siete hatos, los cuales pertenecen a miembros de la<br/>Asociación de Ganaderos de dicho municipio.<br/><br/>De acuerdo con los resultados del estudio, un 37.36 por ciento de los bovinos muestreados resultaron positivos; siendo ésta una infección latente del<br/>hospedador para toda la vida ocasionándole grandes daños al animal.<br/><br/>De los animales muestreados, el 65.93 por ciento no manifestaban síntomas, y de éstos el 26.67 por ciento dieron positivo a la prueba; esto indica que la enfermedad estaba en forma latente. El 34.07 por ciento restante son animales que presentaron otros problemas reproductivos (abortos, terneros débiles al nacimiento, retenciones placentarias y repetición de celo), así también el 29.03 por ciento de estos fueron positivos a la prueba.<br/><br/>Los resultados obtenidos, determinaron que los factores que permiten la<br/>presencia de esta enfermedad en los hatos estudiados son: La falta de manejo<br/>apropiado, la no aplicación de vacuna contra este virus y la intensificación del<br/>sistema de explotación a que son sometidos los hatos bovinos.
650 14 - PUNTO DE ACCESO ADICIONAL DE MATERIA--TÉRMINO DE MATERIA
Fuente del encabezamiento o término LEMB
Término de materia o nombre geográfico como elemento de entrada Chisec, Alta Verapaz
Subdivisión general Zootecnia
-- Asociación de Ganaderos
-- Animales muestreados
-- Retenciones placentarias
-- Reproductivos
-- Rinotraqueitis
700 ## - ENTRADA AGREGADA--NOMBRE PERSONAL
Nombre de persona Ing. Quím. Edwin Valle Peralta
Término indicativo de función/relación Asesor
856 ## - LOCALIZACIÓN Y ACCESO ELECTRÓNICOS
Identificador Uniforme de Recurso <a href="https://drive.google.com/file/d/1l0DJLuXL-H2cX8sZ9TlQWUPYkvIb7E9Q/view">https://drive.google.com/file/d/1l0DJLuXL-H2cX8sZ9TlQWUPYkvIb7E9Q/view</a>
Texto de enlace PDF
Nota pública Un ejemplar en línea.
942 ## - ELEMENTOS DE ENTRADA SECUNDARIOS (KOHA)
Fuente de la clasificación o esquema de estantería Clasificación Decimal Dewey
Tipo de ítem Koha TESIS
Parte de la signatura que identifica el ejemplar (Parte del ítem) TZ 0049
Prefijo de la signatura Clasificación
Suprimir en OPAC No
-- TZ_0049_000000000000000
Existencias
Estatus retirado Estado de pérdida Fuente de la clasificación o esquema de estantería Estado de daño No para préstamo Colección Biblioteca de origen Biblioteca actual Fecha de adquisición Número de inventario Total de préstamos Signatura topográfica completa Código de barras Visto por última vez Precio de reemplazo Tipo de ítem Koha
    Clasificación Decimal Dewey     tesis BIBLIOTECA- CUNOR -JOSÉ LUIS GONZALES ROSALES BIBLIOTECA- CUNOR -JOSÉ LUIS GONZALES ROSALES 13/10/2025 TZ 0049   TZ 0049 TZ 0049 13/10/2025 13/10/2025 TESIS